<?xml version="1.0" encoding="UTF-8"?>
<record
    xmlns:xsi="http://www.w3.org/2001/XMLSchema-instance"
    xsi:schemaLocation="http://www.loc.gov/MARC21/slim http://www.loc.gov/standards/marcxml/schema/MARC21slim.xsd"
    xmlns="http://www.loc.gov/MARC21/slim">

  <leader>04431cam a22004578i 4500</leader>
  <controlfield tag="001">21454322</controlfield>
  <controlfield tag="005">20260606145918.0</controlfield>
  <controlfield tag="006">m    |o  d |      </controlfield>
  <controlfield tag="007">cr |||||||||||</controlfield>
  <controlfield tag="008">200219s2020    ii      ob    001 0 eng  </controlfield>
  <datafield tag="010" ind1=" " ind2=" ">
    <subfield code="a">  2020008437</subfield>
  </datafield>
  <datafield tag="020" ind1=" " ind2=" ">
    <subfield code="a">9789353883201</subfield>
    <subfield code="q">(ebook)</subfield>
  </datafield>
  <datafield tag="020" ind1=" " ind2=" ">
    <subfield code="a">9789353883195</subfield>
    <subfield code="q">(epub)</subfield>
  </datafield>
  <datafield tag="020" ind1=" " ind2=" ">
    <subfield code="z">9789353883188</subfield>
    <subfield code="q">(hardback)</subfield>
  </datafield>
  <datafield tag="035" ind1=" " ind2=" ">
    <subfield code="a">21454322</subfield>
  </datafield>
  <datafield tag="040" ind1=" " ind2=" ">
    <subfield code="a">DLC</subfield>
    <subfield code="b">eng</subfield>
    <subfield code="c">DLC</subfield>
    <subfield code="e">rda</subfield>
  </datafield>
  <datafield tag="042" ind1=" " ind2=" ">
    <subfield code="a">pcc</subfield>
  </datafield>
  <datafield tag="043" ind1=" " ind2=" ">
    <subfield code="a">a-ii---</subfield>
  </datafield>
  <datafield tag="050" ind1="0" ind2="0">
    <subfield code="a">LB2341.8.I4</subfield>
  </datafield>
  <datafield tag="082" ind1="0" ind2="0">
    <subfield code="a">378.1010954</subfield>
  </datafield>
  <datafield tag="245" ind1="0" ind2="0">
    <subfield code="a">Governance and management of higher education in India /</subfield>
    <subfield code="c">Edited by N. V. Varghese, Garima Malik.</subfield>
  </datafield>
  <datafield tag="263" ind1=" " ind2=" ">
    <subfield code="a">2006</subfield>
  </datafield>
  <datafield tag="264" ind1=" " ind2="1">
    <subfield code="a">New Delhi, India ;</subfield>
    <subfield code="a">Thousand Oaks :</subfield>
    <subfield code="b">SAGE Publications India Pvt Ltd,</subfield>
    <subfield code="c">2020.</subfield>
  </datafield>
  <datafield tag="300" ind1=" " ind2=" ">
    <subfield code="a">1 online resource</subfield>
  </datafield>
  <datafield tag="336" ind1=" " ind2=" ">
    <subfield code="a">text</subfield>
    <subfield code="b">txt</subfield>
    <subfield code="2">rdacontent</subfield>
  </datafield>
  <datafield tag="337" ind1=" " ind2=" ">
    <subfield code="a">computer</subfield>
    <subfield code="b">c</subfield>
    <subfield code="2">rdamedia</subfield>
  </datafield>
  <datafield tag="338" ind1=" " ind2=" ">
    <subfield code="a">online resource</subfield>
    <subfield code="b">cr</subfield>
    <subfield code="2">rdacarrier</subfield>
  </datafield>
  <datafield tag="504" ind1=" " ind2=" ">
    <subfield code="a">Includes bibliographical references and index.</subfield>
  </datafield>
  <datafield tag="505" ind1="0" ind2=" ">
    <subfield code="a">Governance of higher education in India: an introduction / N.V. Varghese and Garima Malik -- Part I: Governance and management: macro issues -- State, market and governance of higher education / Kuldeep Mathur -- Regulation of higher education in India / Furqan Qamar -- The state councils of higher education: a case for strengthening intermediary agencies/ I. Ramabrahmam and G. Umamaheswararao -- Accountability measures to improve governance / M. Anandakrishnan -- Part II: Governance and management: institutional issues -- Governance and management of affiliated colleges / Mohd Muzammil -- Management of autonomous colleges: a movement from academic colonialism to freedom and democratization of higher education / G. D. Sharma -- Governance and autonomy: a study of central and state universities / Garima Malik -- Governance and management of higher education at the institutional level: reality, concerns and transmutation / Rakesh Raman -- Managing transition from 'state' to 'central' university in the University of Allahabad: sssues and challenges- a Vice Chancellor's perspective / Rajen Harshe -- Part III: Managing quality at the institutional level -- Managing quality and excellence: conceptual and institutional factors / Supriya Chaudhuri -- Managing quality and excellence at the institutional level: a study of Bharathiar University / Narayanan Annalakshmi, Rajalakshmi Bhavana and Bhuvana Esther -- The political economy of governance in higher education: temporary teachers phenomenon / Sudhanshu Bhushan -- Leveraging technology to solve the pentagon puzzle of higher education in India / Pankaj Mittal -- Managing student diversity in Indian higher education institutions: achieving academic integration and social inclusion / Nidhi S. Sabharwa.</subfield>
  </datafield>
  <datafield tag="520" ind1=" " ind2=" ">
    <subfield code="a">"Governance in education is well recognized as critical to institutional performance and effectiveness. Governance and Management of Higher Education in India is the fifth book in the series India Higher Education Report initiated by the Centre for Policy Research in Higher Education, National Institute of Educational Planning and Administration. The book examines macro issues of governance, focusing on the role of the state and market, regulation at national and state levels, and accountability measures. It also looks at institutional issues of autonomy, affiliation, teacher recruitment, and managing quality and excellence. The discussions in the book centre on theoretical perspectives and empirical evidences. The volume will be an important resource for academics, policy makers as well as scholars and researchers of public policy, political science and economics"--</subfield>
    <subfield code="c">Provided by publisher.</subfield>
  </datafield>
  <datafield tag="588" ind1=" " ind2=" ">
    <subfield code="a">Description based on print version record and CIP data provided by publisher; resource not viewed.</subfield>
  </datafield>
  <datafield tag="650" ind1=" " ind2="0">
    <subfield code="a">Universities and colleges</subfield>
    <subfield code="z">India</subfield>
    <subfield code="x">Administration.</subfield>
  </datafield>
  <datafield tag="650" ind1=" " ind2="0">
    <subfield code="a">Higher education and state</subfield>
    <subfield code="z">India.</subfield>
  </datafield>
  <datafield tag="700" ind1="1" ind2=" ">
    <subfield code="a">Varghese, N. V.,</subfield>
    <subfield code="e">editor.</subfield>
  </datafield>
  <datafield tag="700" ind1="1" ind2=" ">
    <subfield code="a">Malik, Garima,</subfield>
    <subfield code="e">editor.</subfield>
  </datafield>
  <datafield tag="776" ind1="0" ind2="8">
    <subfield code="i">Print version:</subfield>
    <subfield code="t">Governance and management of higher education in India</subfield>
    <subfield code="d">New Delhi, India ; Thousand Oaks : SAGE Publications India Pvt Ltd, 2020.</subfield>
    <subfield code="z">9789353883188</subfield>
    <subfield code="w">(DLC) 2020008436</subfield>
  </datafield>
  <datafield tag="856" ind1=" " ind2=" ">
    <subfield code="u">https://sk.sagepub.com/books/governance-and-management-of-higher-education-in-india</subfield>
    <subfield code="y">Read SAGE E-Book</subfield>
  </datafield>
  <datafield tag="906" ind1=" " ind2=" ">
    <subfield code="a">7</subfield>
    <subfield code="b">cbc</subfield>
    <subfield code="c">orignew</subfield>
    <subfield code="d">1</subfield>
    <subfield code="e">ecip</subfield>
    <subfield code="f">20</subfield>
    <subfield code="g">y-gencatlg</subfield>
  </datafield>
  <datafield tag="942" ind1=" " ind2=" ">
    <subfield code="2">ddc</subfield>
    <subfield code="c">EBOOK</subfield>
  </datafield>
  <datafield tag="952" ind1=" " ind2=" ">
    <subfield code="0">0</subfield>
    <subfield code="1">0</subfield>
    <subfield code="2">ddc</subfield>
    <subfield code="4">0</subfield>
    <subfield code="7">0</subfield>
    <subfield code="8">EBOOK</subfield>
    <subfield code="a">MES</subfield>
    <subfield code="b">MES</subfield>
    <subfield code="c">OR</subfield>
    <subfield code="d">2026-06-06</subfield>
    <subfield code="l">0</subfield>
    <subfield code="o">378.1010954</subfield>
    <subfield code="r">2026-06-06 14:59:57</subfield>
    <subfield code="u">https://sk.sagepub.com/books/governance-and-management-of-higher-education-in-india</subfield>
    <subfield code="w">2026-06-06</subfield>
    <subfield code="y">EBOOK</subfield>
  </datafield>
  <datafield tag="999" ind1=" " ind2=" ">
    <subfield code="c">44754</subfield>
    <subfield code="d">44754</subfield>
  </datafield>
</record>
